000 00807nam a2200241 a 4500
001 BRCA_4734
005 20190320204801.0
008 071010s1947----mx-a######---#000-0#spa-#
041 _aspa
044 _amx
050 4 _aND250
_b.C68 1947
100 1 _aCouto, José Bernardo
_911993
245 1 0 _aDiálogo sobre la historia de la pintura en México
_cpor José Bernardo Couto ; edición, prólogo y notas de Manuel Toussaint.
260 _aMéxico
_bFCE
_c1947
300 _a162 p.
_bil., 16 láminas
_c22 cm.
440 0 _aBiblioteca Americana
_pSerie literatura moderna
_911994
500 _aIncluye índice de ilustraciones, índice analítico y notas generales
500 _aD75
650 1 4 _aPintura
_zMéxico
_911995
700 1 _aToussaint, Manuel
_eed.
_96793
902 _aGFM
942 _2lcc
_cB
999 _c4432
_d4432